McGraw-Hill encyclopedia of science and technology; Vol.20: Index

This book contains The Analytical Index, containing more than 170.000 entries; Topic Index, which lists all titles in a specific discipline; and Study Guides, outline the major fields of science and list corresponding articles of interest in the Encyclopedia

Uloženo v:
Podrobná bibliografie
Médium: Kniha
Jazyk:Undetermined
Vydáno: New York McGraw-Hill 1997
Témata:
Tagy: Přidat tag
Žádné tagy, Buďte první, kdo otaguje tento záznam!
Thư viện lưu trữ: Trung tâm Học liệu Trường Đại học Cần Thơ
LEADER 00759nam a2200169Ia 4500
001 CTU_32956
008 210402s9999 xx 000 0 und d
082 |a 503 
082 |b M147/Vol.20 
245 0 |a McGraw-Hill encyclopedia of science and technology; Vol.20: Index 
260 |a New York 
260 |b McGraw-Hill 
260 |c 1997 
520 |a This book contains The Analytical Index, containing more than 170.000 entries; Topic Index, which lists all titles in a specific discipline; and Study Guides, outline the major fields of science and list corresponding articles of interest in the Encyclopedia 
650 |a science - encyclopedias,technology - encyclopedias 
904 |i Minh, 990909 
980 |a Trung tâm Học liệu Trường Đại học Cần Thơ